000 00505nam a2200181 4500
001 45341
090 _a45341
100 _a20251230 pory50
101 _apor
102 _aPT
200 _aMichelangelo Antonioni
_fStig Björkman
210 _a[S.l.]
_cCahiers du Cinema
_cPrisa Innova , dist. Público
_d[cop. 2008]
215 _a95, [1] p.
_cil.
225 _aGrandes realizadores
_v24
600 _aAntonioni,
_bMichelangelo
_crealizador de cinema
675 _a791.63
801 _aPT
_gRPC
990 _cLIVROS